|
|
|
|
| LEADER |
00000nam0a2200000 4500 |
| 001 |
341696 |
| 005 |
20231102005355.0 |
| 010 |
|
|
|a 9785991207249
|
| 035 |
|
|
|a (RuTPU)RU\TPU\book\369926
|
| 090 |
|
|
|a 341696
|
| 100 |
|
|
|a 20181019d2019 k y0rusy50 ca
|
| 101 |
0 |
|
|a rus
|
| 102 |
|
|
|a RU
|
| 105 |
|
|
|a a z 001zy
|
| 200 |
1 |
|
|a Оптические сети доступа большого радиуса действия
|f В. П. Шувалов, В. Г. Фокин
|
| 210 |
|
|
|a Москва
|c Горячая линия-Телеком
|d 2019
|
| 215 |
|
|
|a 188 с.
|c ил.
|
| 320 |
|
|
|a Библиогр.: с. 140-151
|
| 330 |
|
|
|a Рассмотрены принципы построения оптических сетей доступа большого радиуса действия, называемых в англоязычной литературе как Long-Reach PON. Уделено внимание вопросам надежности таких сетей, используемой элементной базе, динамическому распределению выделяемой пропускной способности, экономическим аспектам реализации сетей доступа большого радиуса действия. Для широкого круга научных работников, проектировщиков сетей электросвязи, будет полезна студентам и аспирантам.
|
| 606 |
1 |
|
|a Оптические транспортные сети
|2 stltpush
|3 (RuTPU)RU\TPU\subj\71091
|9 85149
|
| 610 |
1 |
|
|a электросвязь
|
| 610 |
1 |
|
|a пассивные оптические сети
|
| 610 |
1 |
|
|a мощность
|
| 610 |
1 |
|
|a Long-Reach PON
|
| 610 |
1 |
|
|a полоса пропускания
|
| 610 |
1 |
|
|a динамическое распределение
|
| 610 |
1 |
|
|a обратный канал
|
| 610 |
1 |
|
|a сети доступа
|
| 610 |
1 |
|
|a надежность
|
| 610 |
1 |
|
|a планирование
|
| 610 |
1 |
|
|a проектирование
|
| 675 |
|
|
|a 621.391.6
|v 4
|
| 700 |
|
1 |
|a Шувалов
|b В. П.
|g Вячеслав Петрович
|
| 701 |
|
1 |
|a Фокин
|b В. Г.
|g Владимир Григорьевич
|
| 801 |
|
1 |
|a RU
|b 63413507
|c 20181019
|
| 801 |
|
2 |
|a RU
|b 63413507
|c 20191113
|g RCR
|
| 942 |
|
|
|c BK
|
| 959 |
|
|
|a 3/20180221
|d 1
|e 0
|f ЧЗТЛ:1
|